000 00637nam a2200241Ia 4500
003 OSt
005 20220918202606.0
006 a|||||r|||| 00| 0
007 ta
008 220917b |||||||| |||| 00| 0 eng d
024 _a102,391
037 _cTextual
040 _aARTS
_cARTS
_beng
041 _2eng
_aeng
082 _aV252:1:L8, J4-;1, G3
100 _aSrivastava Ashirbadi Lal
_9100474
245 0 _aFirst two Nawabs of Awadh
250 _a2nd
260 _aNA
_bNA
_c1954
650 _aHISTORY
942 _hV252:1:L8, J4-;1, G3
_cTEXL
_2CC
999 _c225845
_d225845